000 01292nam a2200253Ia 4500
999 _c54626
_d54626
001 21693
003 GE_BSU
005 20250728144944.0
008 181216s2017||||ge |||||||||||||| ||geo||
020 _a9789941248146
040 _cGE_BSU
041 _ageo
080 _a27-36 თ-54
245 _aႧვენი. [ტ.] 24, 21 აგვისტო - 31 აგვისტო (ახალი სტილით 3 სექტემბერი - 13 სექტემბერი) /
_cპროექტის ავტორი და რედაქტორი თამარ მამაცაშვილი ; შემდგენელი სოფიო თავაძე ; დიზაინერი რატი თორდია.
264 _aთბილისი :
_bპალიტრა L,
_c2017.
300 _a288 გვ. ;
_c22 სმ.
490 _aჟურნალ ”კარიბჭის” ბიბლიოთეკა
541 _h6 ლ.
653 _aႧვენი. [ტ.] 24, 21 აგვისტო - 31 აგვისტო
653 _aრელიგია
653 _aმართლმადიდებლური ეკლესია
653 _aწმინდანთა ცხოვრება
942 _cBK
_2udc